[Event "Titled Tuesday intern op 20th May Late"]
[Site "Chess.com INT"]
[Date "2025.05.20"]
[Round "11"]
[White "Amburgy, Ryan"]
[Black "Naranjo Moreno, Antonio"]
[Result "1-0"]
[WhiteElo "2309"]
[BlackElo "2289"]
[PlyCount "85"]
[EventDate "2025.05.20"]
[EventType "swiss (blitz)"]
[EventRounds "11"]
[EventCountry "USA"]
[SourceTitle "CB22_2025"]
[SourceDate "2025.05.28"]
[SourceVersion "1"]
[SourceVersionDate "2025.05.28"]
[SourceQuality "1"]

1. d4 Nf6 2. c4 g6 3. Nc3 Bg7 4. e4 d6 5. Nf3 0-0 6. Be2 e5 7. Be3 Ng4 8. Bg5 f6 9. Bh4 g5 10. Bg3 Nc6 11. d5 Ne7 12. Nxg5 Nxf2 13. Bxf2 fxg5 14. 0-0 Ng6 15. Qd2 Nf4 16. Be3 a6 17. g3 Nxe2+ 18. Qxe2 Bh3 19. Rxf8+ Bxf8 20. Qh5 g4 21. Nd1 Qf6 22. Qg5+ Qxg5 23. Bxg5 b5 24. cxb5 axb5 25. Nf2 Ra4 26. a3 b4 27. Bd2 bxa3 28. bxa3 Rd4 29. Be3 Ra4 30. Bd2 Rd4 31. Bc3 Rc4 32. Nxh3 gxh3 33. Bd2 Rc2 34. Be3 Re2 35. Bf2 Rxe4 36. a4 Rb4 37. a5 Rb8 38. a6 Ra8 39. a7 c6 40. dxc6 d5 41. c7 d4 42. Rb1 Bd6 43. Rb8+ 1-0

[Event "Titled Tuesday intern op 20th May Late"]
[Site "Chess.com INT"]
[Date "2025.05.20"]
[Round "7"]
[White "Badacsonyi, Stanley Ethan Artie"]
[Black "Naranjo Moreno, Antonio"]
[Result "1-0"]
[WhiteElo "2289"]
[BlackElo "2289"]
[PlyCount "75"]
[EventDate "2025.05.20"]
[EventType "swiss (blitz)"]
[EventRounds "11"]
[EventCountry "USA"]
[SourceTitle "CB22_2025"]
[SourceDate "2025.05.28"]
[SourceVersion "1"]
[SourceVersionDate "2025.05.28"]
[SourceQuality "1"]

1. d4 Nf6 2. c4 g6 3. Nc3 Bg7 4. e4 d6 5. Be2 0-0 6. Be3 e5 7. d5 Na6 8. g4 Nc5 9. f3 h5 10. g5 Nh7 11. h4 f5 12. Qd2 fxe4 13. fxe4 a5 14. Nh3 Bd7 15. Nf2 a4 16. 0-0-0 b6 17. Rhf1 Qe7 18. Nd3 Rxf1 19. Rxf1 Rf8 20. Rxf8+ Nxf8 21. Nxc5 bxc5 22. Bd1 Qe8 23. Qc2 Qf7 24. Qe2 Qe8 25. Nb5 Bg4 26. Qf1 Qc8 27. Bxa4 Bh3 28. Qf3 Bg4 29. Qf2 Nd7 30. Nc3 Nb6 31. Bb3 Bh3 32. a4 Qa6 33. Nb5 Nxa4 34. Nxc7 Qa7 35. Ne8 Bf8 36. Qf6 Be7 37. Qxg6+ Kf8 38. Nf6 1-0

[Event "Titled Tuesday intern op 20th May Late"]
[Site "Chess.com INT"]
[Date "2025.05.20"]
[Round "10"]
[White "Naranjo Moreno, Antonio"]
[Black "Goryachkina, Aleksandra"]
[Result "1/2-1/2"]
[WhiteElo "2289"]
[BlackElo "2544"]
[PlyCount "128"]
[EventDate "2025.05.20"]
[EventType "swiss (blitz)"]
[EventRounds "11"]
[EventCountry "USA"]
[SourceTitle "CB22_2025"]
[SourceDate "2025.05.28"]
[SourceVersion "1"]
[SourceVersionDate "2025.05.28"]
[SourceQuality "1"]

1. e4 c6 2. d4 d5 3. Nc3 dxe4 4. Nxe4 Nf6 5. Nxf6+ exf6 6. c3 Bf5 7. Nf3 Bd6 8. Bd3 Bxd3 9. Qxd3 0-0 10. 0-0 Nd7 11. c4 Re8 12. b3 Nc5 13. Qc2 Ne4 14. Re1 f5 15. Bb2 Bc7 16. Rad1 Qd6 17. d5 c5 18. g3 Qg6 19. Nh4 Qh5 20. Qe2 Qxe2 21. Rxe2 g6 22. Rde1 Ba5 23. Rd1 Nd6 24. Re5 f6 25. Rxe8+ Nxe8 26. d6 Kf7 27. Ng2 Rd8 28. d7 Ng7 29. Nf4 g5 30. Nd5 Rxd7 31. Bxf6 Rxd5 32. Rxd5 Kxf6 33. Rxc5 Bd8 34. Rc8 Ne6 35. Rb8 b6 36. Rb7 a5 37. Rxh7 g4 38. h3 Ng5 39. Rh6+ Kg7 40. Rd6 Nxh3+ 41. Kf1 Bf6 42. Rxb6 Bd4 43. Rb5 Kf6 44. c5 Bxf2 45. c6 Bxg3 46. Rxa5 Ke6 47. Ra7 Bd6 48. Rg7 g3 49. c7 Bxc7 50. Rxc7 f4 51. Kg2 Ng5 52. Rc3 Kf5 53. Rc5+ Kg4 54. Rc4 Nf7 55. a4 Ne5 56. Re4 Kf5 57. Rxe5+ Kxe5 58. Kf3 Kd5 59. b4 Kc4 60. a5 Kb5 61. Kg2 Ka6 62. Kf3 Kb5 63. Kg2 Ka6 64. Kf3 Kb5 1/2-1/2

[Event "Titled Tuesday intern op 06th May Early"]
[Site "Chess.com INT"]
[Date "2025.05.06"]
[Round "1"]
[White "Leinov, Roman"]
[Black "Naranjo Moreno, Antonio"]
[Result "0-1"]
[WhiteElo "2120"]
[BlackElo "2289"]
[PlyCount "188"]
[EventDate "2025.05.06"]
[EventType "swiss (blitz)"]
[EventRounds "11"]
[EventCountry "USA"]
[SourceTitle "CB20_2025"]
[SourceDate "2025.05.14"]
[SourceVersion "1"]
[SourceVersionDate "2025.05.14"]
[SourceQuality "1"]

1. d4 Nf6 2. c4 g6 3. Nc3 Bg7 4. e4 d6 5. Be2 0-0 6. f4 c5 7. Nf3 cxd4 8. Nxd4 e5 9. Ndb5 Ne8 10. 0-0 a6 11. Na3 Nc6 12. Be3 Nd4 13. fxe5 dxe5 14. Nd5 Nd6 15. Bd3 Qh4 16. g3 Qh3 17. c5 Bg4 18. Qd2 N6b5 19. Nxb5 axb5 20. Bxd4 exd4 21. Bxb5 Rad8 22. Bd3 Kh8 23. Nf6 Bh6 24. Qg2 Be3+ 25. Kh1 Be6 26. a4 Qh6 27. b4 Bh3 28. Qf3 Bxf1 29. Rxf1 Qg5 30. h4 Qe5 31. Ng4 Qe6 32. Nxe3 dxe3 33. Qxe3 Qh3+ 34. Kg1 Kg7 35. Bc4 Rd7 36. Qc3+ Kg8 37. Re1 Re8 38. Qf3 Rde7 39. e5 Qd7 40. e6 fxe6 41. Qf4 Kh8 42. Qe5+ Rg7 43. Rf1 Qe7 44. Kh2 h6 45. Rf6 Kh7 46. Rf4 Qd7 47. Rf3 Qc7 48. Qe4 Qe7 49. Bd3 Rf8 50. Re3 Rf6 51. h5 Rf5 52. hxg6+ Rxg6 53. Qd4 Qg7 54. Qe4 Rh5+ 55. Kg1 Rhg5 56. Kf2 Rf5+ 57. Ke2 Kh8 58. Qg2 Rfg5 59. Bxg6 Qxg6 60. Qf3 Qc2+ 61. Kf1 Rf5 62. Qxf5 exf5 63. Re8+ Kg7 64. Re7+ Kf6 65. Rxb7 Qd3+ 66. Kf2 Qd2+ 67. Kf1 Qd1+ 68. Kf2 Qd4+ 69. Kf1 Qa1+ 70. Kf2 Qxa4 71. Rb6+ Kg5 72. Rd6 Qc2+ 73. Ke3 Qc3+ 74. Ke2 Qxb4 75. Rc6 Qb5+ 76. Ke3 Qxc6 77. Kd4 Kg4 78. Ke5 Qe4+ 79. Kf6 Kxg3 80. Kg6 f4+ 81. Kh5 f3 82. c6 Qf5+ 83. Kxh6 Qc8 84. c7 Qxc7 85. Kh5 Qd6 86. Kg5 f2 87. Kh5 Qf4 88. Kg6 Qe5 89. Kh6 Qf5 90. Kg7 Qe6 91. Kh7 Qf6 92. Kg8 Qe7 93. Kh8 f1R 94. Kg8 Rf8# 0-1

[Event "Titled Tuesday intern op 06th May Early"]
[Site "Chess.com INT"]
[Date "2025.05.06"]
[Round "2"]
[White "Naranjo Moreno, Antonio"]
[Black "Demchenko, Anton"]
[Result "0-1"]
[WhiteElo "2289"]
[BlackElo "2619"]
[PlyCount "102"]
[EventDate "2025.05.06"]
[EventType "swiss (blitz)"]
[EventRounds "11"]
[EventCountry "USA"]
[SourceTitle "CB20_2025"]
[SourceDate "2025.05.14"]
[SourceVersion "1"]
[SourceVersionDate "2025.05.14"]
[SourceQuality "1"]

1. e4 c5 2. Nf3 d6 3. d4 cxd4 4. Nxd4 Nf6 5. Nc3 Nc6 6. Bg5 e6 7. Qd2 a6 8. 0-0-0 Bd7 9. f4 Be7 10. Nf3 b5 11. Bd3 b4 12. Ne2 Qb6 13. Bxf6 gxf6 14. f5 e5 15. Kb1 h5 16. Ng3 Bf8 17. Bc4 Rc8 18. Qd3 Na5 19. Bxa6 Ra8 20. Bc4 Nxc4 21. Qxc4 h4 22. Nf1 h3 23. g3 Bh6 24. N1d2 Ke7 25. Ne1 Rhc8 26. Qb3 Ba4 27. Qf3 Qa6 28. Nb3 Bb5 29. Nc1 Bxc1 30. Kxc1 Qxa2 31. Nd3 Qc4 32. Qf2 Ra1+ 33. Kd2 Qxc2+ 34. Ke3 Rxd1 35. Qxc2 Rxc2 36. Rxd1 Bxd3 37. Kxd3 Rxb2 38. Rh1 d5 39. exd5 Kd6 40. Kc4 Rc2+ 41. Kd3 Rf2 42. Kc4 b3 43. Kxb3 Kxd5 44. Kc3 Ke4 45. Re1+ Kf3 46. Kc4 Rxh2 47. Kd5 Kxg3 48. Kd6 Rf2 49. Ke7 Rxf5 50. Kxf7 Rf4 51. Kg6 h2 0-1

[Event "Titled Tuesday intern op 06th May Early"]
[Site "Chess.com INT"]
[Date "2025.05.06"]
[Round "4"]
[White "Papasimakopoulos, Alexandros"]
[Black "Naranjo Moreno, Antonio"]
[Result "1/2-1/2"]
[WhiteElo "2366"]
[BlackElo "2289"]
[PlyCount "114"]
[EventDate "2025.05.06"]
[EventType "swiss (blitz)"]
[EventRounds "11"]
[EventCountry "USA"]
[SourceTitle "CB20_2025"]
[SourceDate "2025.05.14"]
[SourceVersion "1"]
[SourceVersionDate "2025.05.14"]
[SourceQuality "1"]

1. d4 Nf6 2. c4 g6 3. Nc3 Bg7 4. e4 d6 5. f3 0-0 6. Nge2 a6 7. Be3 b5 8. Ng3 c6 9. Be2 h5 10. 0-0 h4 11. Nh1 Nh7 12. Nf2 Nd7 13. a3 Rb8 14. Qd2 bxc4 15. Bxc4 d5 16. exd5 Nb6 17. Ba2 cxd5 18. Bh6 Bf5 19. Bxg7 Kxg7 20. Rfe1 e6 21. Rac1 Nf6 22. Ne2 Na4 23. b4 Nb6 24. Qf4 Ne8 25. Rc6 g5 26. Qe5+ f6 27. Qe3 Nd6 28. g4 Bg6 29. Qxe6 Nb5 30. Qe3 Qd7 31. Rc5 Rfe8 32. Qd2 Nc4 33. Bxc4 dxc4 34. Rxc4 Nxa3 35. Rc5 Nb5 36. d5 Re5 37. Rec1 Rbe8 38. Nd4 Kh6 39. Nxb5 axb5 40. Rc7 Qd6 41. R1c6 Qxd5 42. Qxd5 Rxd5 43. Rxf6 Rd2 44. Rcc6 Rg8 45. Rb6 Kh7 46. Rb7+ Kh6 47. Rxb5 Re8 48. Rbb6 Re1+ 49. Kg2 Ree2 50. Rxg6+ Kh7 51. Rh6+ Kg7 52. Rbg6+ Kf7 53. Rf6+ Kg7 54. Rhg6+ Kh7 55. Rh6+ Kg7 56. Rfg6+ Kf7 57. Rf6+ Kg7 1/2-1/2

[Event "Titled Tuesday intern op 01st Apr Early"]
[Site "Chess.com INT"]
[Date "2025.04.01"]
[Round "11"]
[White "Naranjo Moreno, Antonio"]
[Black "Barrionuevo, Pablo"]
[Result "1-0"]
[WhiteElo "2269"]
[BlackElo "2215"]
[PlyCount "97"]
[EventDate "2025.04.01"]
[EventType "swiss (blitz)"]
[EventRounds "11"]
[EventCountry "USA"]
[SourceTitle "CB15_2025"]
[SourceDate "2025.04.09"]
[SourceVersion "1"]
[SourceVersionDate "2025.04.09"]
[SourceQuality "1"]

1. e4 c5 2. Nf3 Nc6 3. d4 cxd4 4. Nxd4 e5 5. Nb5 d6 6. c4 Be7 7. N1c3 a6 8. Na3 Nf6 9. Nc2 0-0 10. Be2 Be6 11. Be3 Rc8 12. 0-0 Na5 13. b3 b5 14. Nd5 Bxd5 15. exd5 bxc4 16. b4 Nb7 17. Na3 c3 18. Bxa6 Qc7 19. Nc4 Ra8 20. Bb5 c2 21. Qd3 e4 22. Qd2 Ng4 23. Bd4 Bf6 24. Rfc1 Qe7 25. h3 Ne5 26. Rxc2 Nd3 27. Qc3 Bxd4 28. Qxd4 Nxb4 29. Re2 Nc5 30. a3 Nbd3 31. Bc6 Rab8 32. Rd1 Qg5 33. Nxd6 Nf4 34. Kf1 Nxe2 35. Kxe2 Nd3 36. Nxe4 Nf4+ 37. Kf3 Qxg2+ 38. Kxf4 f5 39. Ng3 Rb2 40. Rd2 Rxd2 41. Qxd2 g5+ 42. Kxg5 Qxh3 43. Qf4 Kg7 44. Qc7+ Rf7 45. Qe5+ Kg8 46. Qe8+ Rf8 47. Qe6+ Rf7 48. Qc8+ Kg7 49. Nh5+ 1-0

[Event "Titled Tuesday intern op 01st Apr Early"]
[Site "Chess.com INT"]
[Date "2025.04.01"]
[Round "4"]
[White "Naranjo Moreno, Antonio"]
[Black "Piliposyan, Robert"]
[Result "0-1"]
[WhiteElo "2269"]
[BlackElo "2409"]
[PlyCount "150"]
[EventDate "2025.04.01"]
[EventType "swiss (blitz)"]
[EventRounds "11"]
[EventCountry "USA"]
[SourceTitle "CB15_2025"]
[SourceDate "2025.04.09"]
[SourceVersion "1"]
[SourceVersionDate "2025.04.09"]
[SourceQuality "1"]

1. e4 e5 2. Nf3 Nc6 3. Nc3 Nf6 4. d4 Bb4 5. Nxe5 0-0 6. Bd3 Nxd4 7. 0-0 d6 8. Nc4 Re8 9. Bg5 h6 10. Bxf6 gxf6 11. Nd5 Bc5 12. c3 Ne6 13. Qf3 Kg7 14. Qg3+ Kh8 15. Qh4 Kg7 16. Nce3 Nf8 17. Nf4 Ng6 18. Nh5+ Kf8 19. Qxf6 Qxf6 20. Nxf6 Rd8 21. Nf5 Nf4 22. Bc2 Be6 23. g3 Ng6 24. Kg2 Ne5 25. b3 Nd7 26. Nxd7+ Bxd7 27. Nxh6 Re8 28. f3 Kg7 29. Ng4 f5 30. Nf2 Bc6 31. Rfe1 Ba3 32. Rad1 Bb2 33. c4 fxe4 34. Nxe4 a5 35. Re2 Be5 36. Kg1 a4 37. f4 Bb2 38. Rde1 axb3 39. axb3 Ba3 40. Ng5 Bc5+ 41. Kf1 Rxe2 42. Rxe2 Ra1+ 43. Re1 Bg2+ 44. Ke2 Ra2 45. Kd3 Kf6 46. Ne4+ Bxe4+ 47. Rxe4 Ra1 48. Re2 Rf1 49. Kc3 c6 50. Bd3 Rc1+ 51. Kb2 Rg1 52. Kc3 Rc1+ 53. Bc2 b5 54. b4 Bb6 55. cxb5 cxb5 56. Kb2 Rg1 57. Bd3 Bd4+ 58. Kc2 Ra1 59. Bxb5 Kf5 60. Bd7+ Kf6 61. Kd3 Bg1 62. Re6+ Kf7 63. Rxd6 Rd1+ 64. Ke4 Rxd6 65. Bb5 Bxh2 66. Bc4+ Ke7 67. Kf3 Bg1 68. Be2 Bb6 69. g4 Rd4 70. b5 Bc7 71. f5 Rf4+ 72. Ke3 Rb4 73. Kf3 Kf6 74. Bf1 Kg5 75. Bd3 Rxg4 0-1

[Event "Titled Tuesday intern op 01st Apr Early"]
[Site "Chess.com INT"]
[Date "2025.04.01"]
[Round "7"]
[White "Naranjo Moreno, Antonio"]
[Black "Porozhniak, Maya"]
[Result "1-0"]
[WhiteElo "2269"]
[BlackElo "1974"]
[PlyCount "63"]
[EventDate "2025.04.01"]
[EventType "swiss (blitz)"]
[EventRounds "11"]
[EventCountry "USA"]
[SourceTitle "CB15_2025"]
[SourceDate "2025.04.09"]
[SourceVersion "1"]
[SourceVersionDate "2025.04.09"]
[SourceQuality "1"]

1. e4 c5 2. Nf3 e6 3. d4 cxd4 4. Nxd4 a6 5. Bd3 Nc6 6. Be3 Qf6 7. c3 b5 8. Nd2 Bb7 9. 0-0 d6 10. a4 Nxd4 11. Bxd4 e5 12. Be3 bxa4 13. Qxa4+ Ke7 14. f4 Nh6 15. fxe5 Qxe5 16. Nc4 Qb5 17. Qd1 Rd8 18. Ra5 Qc6 19. Qh5 f6 20. Bb6 Rd7 21. Bd4 Nf7 22. Ne3 Ne5 23. Nd5+ Kd8 24. Bb6+ Rc7 25. Bxc7+ Kc8 26. Qf5+ Nd7 27. Rfa1 g6 28. Qe6 Bh6 29. Bxa6 Bxa6 30. Rxa6 Qc5+ 31. Kh1 Kb7 32. Qxd7 1-0

[Event "Titled Tuesday intern op 01st Apr Late"]
[Site "Chess.com INT"]
[Date "2025.04.01"]
[Round "9"]
[White "Naranjo Moreno, Antonio"]
[Black "Tikhonov, Viacheslav"]
[Result "1-0"]
[WhiteElo "2289"]
[BlackElo "2183"]
[PlyCount "57"]
[EventDate "2025.04.01"]
[EventType "swiss (blitz)"]
[EventRounds "11"]
[EventCountry "USA"]
[SourceTitle "CB21_2025"]
[SourceDate "2025.05.21"]
[SourceVersion "1"]
[SourceVersionDate "2025.05.21"]
[SourceQuality "1"]

1. e4 c5 2. Nf3 Nc6 3. d4 cxd4 4. Nxd4 g6 5. Nc3 Bg7 6. Be3 Nf6 7. Nxc6 bxc6 8. e5 Nd5 9. Nxd5 cxd5 10. Qxd5 Rb8 11. Bxa7 Rxb2 12. Bd4 Rb8 13. Bc4 0-0 14. 0-0 Bb7 15. Qc5 d6 16. exd6 exd6 17. Qa7 Qg5 18. f3 Ra8 19. Qb6 Bxd4+ 20. Qxd4 d5 21. Bd3 Ba6 22. Rfd1 Bxd3 23. Rxd3 Ra5 24. a4 Rfa8 25. Rb3 Qe7 26. Rb4 h5 27. Kf2 Qe6 28. Rab1 Qe7 29. Rb8+ 1-0

[Event "Titled Tuesday intern op 18th Mar Late"]
[Site "Chess.com INT"]
[Date "2025.03.18"]
[Round "4"]
[White "Naranjo Moreno, Antonio"]
[Black "Guimaraes, Diogo Duarte"]
[Result "0-1"]
[WhiteElo "2269"]
[BlackElo "2285"]
[PlyCount "70"]
[EventDate "2025.03.18"]
[EventType "swiss (blitz)"]
[EventRounds "11"]
[EventCountry "USA"]
[SourceTitle "CB13_2025"]
[SourceDate "2025.03.26"]
[SourceVersion "1"]
[SourceVersionDate "2025.03.26"]
[SourceQuality "1"]

1. e4 e5 2. Nf3 Nc6 3. Nc3 Nf6 4. d4 exd4 5. Nd5 Be7 6. Bf4 d6 7. Nxd4 0-0 8. Nb5 Nxd5 9. exd5 Ne5 10. Be2 Ng6 11. Bg3 f5 12. f4 Bf6 13. c3 Re8 14. 0-0 Nf8 15. Bf3 Nd7 16. Bf2 a6 17. Nd4 Nc5 18. Qc2 Ne4 19. Be3 Bd7 20. Rfe1 c5 21. dxc6 bxc6 22. Rad1 Qc7 23. Nb3 d5 24. c4 dxc4 25. Qxc4+ Be6 26. Qc2 a5 27. g3 a4 28. Nd4 Bd7 29. Rc1 c5 30. Qc4+ Kh8 31. Re2 Qb7 32. Bxe4 Rxe4 33. Qxc5 Bxd4 34. Bxd4 Rxe2 35. Bf2 Rc8 0-1

[Event "Titled Tuesday intern op 11th Mar Late"]
[Site "Chess.com INT"]
[Date "2025.03.11"]
[Round "1"]
[White "Naranjo Moreno, Antonio"]
[Black "Coe, William R"]
[Result "1-0"]
[WhiteElo "2269"]
[BlackElo "2078"]
[PlyCount "67"]
[EventDate "2025.03.11"]
[EventType "swiss (blitz)"]
[EventRounds "11"]
[EventCountry "USA"]
[SourceTitle "CB12_2025"]
[SourceDate "2025.03.19"]
[SourceVersion "1"]
[SourceVersionDate "2025.03.19"]
[SourceQuality "1"]

1. e4 c5 2. Nf3 e6 3. d4 cxd4 4. Nxd4 a6 5. Bd3 b5 6. a4 b4 7. 0-0 Bb7 8. Nd2 Nf6 9. e5 Nd5 10. Nc4 d6 11. Qh5 g6 12. Qe2 dxe5 13. Qxe5 Qf6 14. Qxf6 Nxf6 15. Bf4 Nbd7 16. Bd6 Bd5 17. Bxf8 Kxf8 18. Rfe1 Kg7 19. b3 Nc5 20. Bf1 Be4 21. f3 Bd5 22. Nb6 Ra7 23. a5 Rd8 24. Nxd5 Rxd5 25. Nc6 Ra8 26. Nxb4 Rd2 27. Rad1 Rxd1 28. Rxd1 Nb7 29. Bxa6 Nxa5 30. Ra1 Rb8 31. Rxa5 Rxb4 32. Bc4 Nd7 33. Ra7 Nc5 34. Rc7 1-0

[Event "Titled Tuesday intern op 11th Mar Late"]
[Site "Chess.com INT"]
[Date "2025.03.11"]
[Round "2"]
[White "Naranjo Moreno, Antonio"]
[Black "Henriquez Villagra, Cristobal"]
[Result "1/2-1/2"]
[WhiteElo "2269"]
[BlackElo "2597"]
[PlyCount "231"]
[EventDate "2025.03.11"]
[EventType "swiss (blitz)"]
[EventRounds "11"]
[EventCountry "USA"]
[SourceTitle "CB12_2025"]
[SourceDate "2025.03.19"]
[SourceVersion "1"]
[SourceVersionDate "2025.03.19"]
[SourceQuality "1"]

1. e4 c6 2. d4 d5 3. Nc3 dxe4 4. Nxe4 Nd7 5. Ng5 h6 6. Ne6 Qb6 7. Nxf8 Nxf8 8. Nf3 Nf6 9. Bc4 Be6 10. Bxe6 Nxe6 11. 0-0 0-0 12. c3 a5 13. Ne5 a4 14. Qf3 Rfd8 15. Re1 c5 16. dxc5 Qxc5 17. a3 Rd5 18. Ng4 Nxg4 19. Qxg4 h5 20. Qg3 Rad8 21. Be3 Qc4 22. Qf3 b5 23. h3 g6 24. Rad1 Rd3 25. Rxd3 Qxd3 26. Qe2 Qc4 27. Kf1 Rd7 28. Qxc4 bxc4 29. Bb6 Rb7 30. Ba5 Rxb2 31. Bb4 Nf4 32. g3 Nd3 33. Rxe7 Rxf2+ 34. Kg1 Rc2 35. Ra7 g5 36. Rxa4 Kg7 37. Ra5 Kg6 38. h4 f6 39. hxg5 fxg5 40. Ra6+ Kf5 41. Rc6 Ne5 42. Rc5 Ke4 43. Rc8 Kf3 44. Rf8+ Kg4 45. Bd6 Nf3+ 46. Kf1 Rxc3 47. Re8 Rc1+ 48. Kf2 Rc2+ 49. Kf1 Nd2+ 50. Ke2 c3 51. Kd1 Ra2 52. Bb4 Kxg3 53. Bxc3 Nf3 54. Be5+ Kg2 55. Bd6 h4 56. Rg8 h3 57. Rh8 h2 58. Bxh2 Nxh2 59. Rg8 Nf3 60. Kc1 Rxa3 61. Kb2 Ra5 62. Kc2 Re5 63. Kc3 Kg3 64. Kc4 g4 65. Kd3 Kf2 66. Rxg4 Re3+ 67. Kc2 Ne5 68. Rg8 Nc4 69. Rc8 Nd6 70. Rd8 Ne4 71. Rf8+ Ke2 72. Rg8 Rf3 73. Re8 Ke3 74. Re7 Rf5 75. Re8 Rc5+ 76. Kb3 Kd4 77. Rd8+ Ke5 78. Re8+ Kd5 79. Rd8+ Nd6 80. Kb2 Rc6 81. Rd7 Kd4 82. Rd8 Kc4 83. Kc2 Ne4 84. Kd1 Nc3+ 85. Ke1 Rf6 86. Rd7 Kb3 87. Kd2 Rf3 88. Ke1 Kc2 89. Rd8 Nb5 90. Ke2 Rf6 91. Ke3 Kc3 92. Ke2 Nd4+ 93. Ke3 Re6+ 94. Kf2 Kd3 95. Rd7 Rf6+ 96. Kg3 Ke4 97. Kg4 Nf3 98. Ra7 Ne5+ 99. Kg5 Rf5+ 100. Kh4 Nf3+ 101. Kg3 Nd4 102. Ra4 Rg5+ 103. Kf2 Rg6 104. Rb4 Rg4 105. Ra4 Rf4+ 106. Kg2 Ke3 107. Ra6 Rg4+ 108. Kh3 Re4 109. Ra3+ Kf4 110. Kh2 Nf3+ 111. Kg2 Re2+ 112. Kf1 Rb2 113. Ra8 Ke3 114. Re8+ Kd3 115. Rd8+ Nd4 116. Kg1 1/2-1/2

[Event "Titled Tuesday intern op 11th Mar Early"]
[Site "Chess.com INT"]
[Date "2025.03.11"]
[Round "2"]
[White "Naranjo Moreno, Antonio"]
[Black "Lopez Ramirez, David Santiago"]
[Result "1-0"]
[WhiteElo "2269"]
[BlackElo "2175"]
[PlyCount "109"]
[EventDate "2025.03.11"]
[EventType "swiss (blitz)"]
[EventRounds "11"]
[EventCountry "USA"]
[SourceTitle "CB12_2025"]
[SourceDate "2025.03.19"]
[SourceVersion "1"]
[SourceVersionDate "2025.03.19"]
[SourceQuality "1"]

1. e4 c6 2. d4 d5 3. Nc3 dxe4 4. Nxe4 Nd7 5. Ng5 Ngf6 6. N1f3 e6 7. Bd3 Bd6 8. Qe2 h6 9. Ne4 Nxe4 10. Qxe4 Nf6 11. Qe2 0-0 12. Bd2 b6 13. 0-0-0 Bb7 14. g4 Nd5 15. g5 hxg5 16. Nxg5 Nf4 17. Qg4 Nxd3+ 18. cxd3 Be7 19. Rhg1 Bxg5 20. Bxg5 f5 21. Qh4 Qd7 22. Bf6 Rf7 23. Rg6 Rxf6 24. Rxf6 Qe7 25. Rg1 Rf8 26. Rxf8+ Qxf8 27. Rg6 Bc8 28. Qf4 Qd8 29. Qe5 Qd7 30. h4 Kh7 31. h5 Qf7 32. f4 Qe7 33. a3 Qb7 34. Rg5 Qd7 35. h6 gxh6 36. Rg1 Qf7 37. Qb8 Ba6 38. Rg3 c5 39. dxc5 bxc5 40. Qd6 Bb7 41. Qxc5 Bd5 42. Qc8 e5 43. fxe5 f4 44. Rg1 f3 45. Qg4 f2 46. Rf1 Qc7+ 47. Kd2 Qxe5 48. d4 Be6 49. dxe5 Bxg4 50. Rxf2 h5 51. Ke3 h4 52. Kf4 Be6 53. Kg5 Kg7 54. Rf6 h3 55. Rxe6 1-0

[Event "Titled Tuesday intern op 11th Mar Late"]
[Site "Chess.com INT"]
[Date "2025.03.11"]
[Round "4"]
[White "Oberoi, Shelev"]
[Black "Naranjo Moreno, Antonio"]
[Result "1-0"]
[WhiteElo "2174"]
[BlackElo "2269"]
[PlyCount "69"]
[EventDate "2025.03.11"]
[EventType "swiss (blitz)"]
[EventRounds "11"]
[EventCountry "USA"]
[SourceTitle "CB12_2025"]
[SourceDate "2025.03.19"]
[SourceVersion "1"]
[SourceVersionDate "2025.03.19"]
[SourceQuality "1"]

1. d4 Nf6 2. Nc3 g6 3. e4 d6 4. f4 Bg7 5. Bd3 0-0 6. Nf3 Na6 7. 0-0 c5 8. d5 Bg4 9. h3 Bxf3 10. Qxf3 Nb4 11. a3 Nxd3 12. cxd3 a6 13. Bd2 b5 14. Rae1 Nd7 15. Nd1 Rb8 16. h4 h5 17. g4 hxg4 18. Qxg4 Nf6 19. Qg2 Nh5 20. f5 Bd4+ 21. Be3 Bxe3+ 22. Nxe3 Kh7 23. Kh2 e6 24. dxe6 Qxh4+ 25. Kg1 gxf5 26. Nxf5 Qf6 27. Qh3 Rg8+ 28. Kh1 Rg5 29. Nxd6 Qh6 30. Rxf7+ Kh8 31. Rf3 Kh7 32. Nf7 Qg6 33. Nxg5+ Qxg5 34. Rg1 Qe5 35. Rf5 1-0

[Event "Titled Tuesday intern op 11th Mar Early"]
[Site "Chess.com INT"]
[Date "2025.03.11"]
[Round "6"]
[White "Ramsdal, Jens Albert"]
[Black "Naranjo Moreno, Antonio"]
[Result "1/2-1/2"]
[WhiteElo "2342"]
[BlackElo "2269"]
[PlyCount "86"]
[EventDate "2025.03.11"]
[EventType "swiss (blitz)"]
[EventRounds "11"]
[EventCountry "USA"]
[SourceTitle "CB12_2025"]
[SourceDate "2025.03.19"]
[SourceVersion "1"]
[SourceVersionDate "2025.03.19"]
[SourceQuality "1"]

1. e4 d6 2. d4 Nf6 3. Nc3 g6 4. Nf3 Bg7 5. Be2 0-0 6. 0-0 Bg4 7. h3 Bxf3 8. Bxf3 Nc6 9. e5 dxe5 10. Bxc6 exd4 11. Bxb7 Rb8 12. Bf3 dxc3 13. bxc3 Nd7 14. Bf4 Bxc3 15. Rb1 Rxb1 16. Qxb1 e5 17. Bh6 Re8 18. Qb3 Bd4 19. Bd5 Qe7 20. Bg5 Qxg5 21. Bxf7+ Kf8 22. Bxe8 Kxe8 23. Rb1 Qf4 24. Qe6+ Kd8 25. Qg8+ Nf8 26. Rb8+ Ke7 27. Qg7+ Qf7 28. Qxf7+ Kxf7 29. Kf1 Nd7 30. Rc8 Bb6 31. Ke2 Nf6 32. c4 Ne4 33. f3 Nd6 34. Rd8 Nxc4 35. Rd7+ Kg8 36. Kd3 Ne3 37. Ke4 Nxg2 38. Kxe5 Nh4 39. Kf6 h6 40. Rd8+ Kh7 41. Rd7+ Kg8 42. Rd8+ Kh7 43. Rd7+ Kg8 1/2-1/2